El despido en el Código del Trabajo

Uloženo v:
Podrobná bibliografie
Hlavní autor: Nadal Serri, Daniel (autor)
Médium: Kniha
Jazyk:španělština
Vydáno: Santiago Jurídica Ediar-Conosur 2003
Témata:
Tagy: Přidat tag
Žádné tagy, Buďte první, kdo vytvoří štítek k tomuto záznamu!

MARC

LEADER 00000nam a2200000 a 4500
001 UCL5579
003 CL-VaPUC
008 040312e20030000CL |||||||||||||||||spa|d
020 |a 9562383881 
082 0 4 |a 344.83018  |b NAD  |2 21 
100 |a Nadal Serri, Daniel  |e autor  |9 295027 
245 1 3 |a El despido en el Código del Trabajo 
300 |a 719 p 
942 |c BK 
945 |d 20040312 00:00:00  |a cmena 
260 |a Santiago  |b Jurídica Ediar-Conosur  |c 2003 
650 0 |a Despido de empleados   |9 254967 
650 7 |a DERECHO LABORAL  |2 CL-VaPUC  |9 15 
650 0 |a Código del trabajo  |9 255479 
651 7 |a CHILE  |2 CL-VaPUC  |9 483290 
583 |a last modification  |c 20170724 01:11:11  |k Rodrigo Vera 
999 |c 308088  |d 308086 
952 |0 0  |1 0  |4 0  |6 344_830180000000000_NAD_2003  |7 0  |8 A  |9 374328  |a BIBDER  |b BIBDER  |d 2019-11-21  |i 3928381  |o 344.83018 NAD 2003  |p 3928381  |r 2023-01-25  |w 2019-11-21  |y BK  |k DER